| 000 | 00879nam a22002297a 4500 | ||
|---|---|---|---|
| 003 | OSt | ||
| 005 | 20180417172453.0 | ||
| 008 | 180417s2017 spc 001 e cat|d | ||
| 017 |
_aDL B 14082-2017 _bBiblioteca de Catalunya |
||
| 020 | _a9788483309544 | ||
| 040 |
_aES-BaBC _bcat _cCDMR |
||
| 100 | 1 | 4 |
_aFabre, Jaume _d1948- _eautor _9229 |
| 245 | 1 | 0 |
_aCAU, quan el PSUC era més que un partit _c/ Jaume Fabre |
| 260 |
_aBarcelona : _bClariana Edicions SL : _bViena Edicions, _c2017 |
||
| 300 |
_a202 pàgines ; _c22 cm |
||
| 504 | _aInclou índex | ||
| 610 | 2 | 7 |
_aPartit Socialista Unificat de Catalunya _xHistòria _2lemac |
| 610 | 2 | 7 |
_aCol·legi d'Aparelladors i Arquitectes Tècnics de Barcelona _xHistòria _2lemac |
| 630 | 0 | 7 |
_aCAU. Construcción. Arquitectura. Urbanismo _xHistòria _2lemac |
| 650 | 7 |
_aRevistes catalanes _zCatalunya _zBarcelona _xHistòria _2lemac |
|
| 942 | _cMON | ||
| 999 |
_c7129 _d7129 |
||